000 00529nam a2200205Ia 4500
003 BUBTL
008 151213s9999 xx 000 0 und d
020 _a984-708-002-x
082 _a346.066DHC
100 _aDhar, Nirmalendu
_99
245 _aCompany Law & Partnership/
_cNirmalendu Dhar
250 _a5th ed.
260 _aDhaka :
_bRemisi Publishers
_cc2010
300 _axxxii,523 p. :
_c25 cm.
650 _aLaw
650 _aLaw
856 _k0
_l0
_yDownload
942 _2ddc
_cBK
999 _c5814
_d5814